| 000 | 00487nam a22001817a 4500 | ||
|---|---|---|---|
| 999 |
_c174423 _d174423 |
||
| 005 | 20200612162320.0 | ||
| 010 | _aENG-128199 | ||
| 020 |
_c160.00 _a9789384564193 |
||
| 035 | _aEN-111731 | ||
| 037 | _bDBAD/PUB | ||
| 082 | _a160.00 | ||
| 245 | _aBhagavad Gita/ | ||
| 250 | _a2nd. | ||
| 260 |
_aMumbai _bThe Bhaktivedanta book trust. _c2019 |
||
| 270 |
_aHare Krishna Land, Juhu _bMumbai _e400049 |
||
| 300 |
_axv;924p. _c23cm(hb) |
||
| 942 |
_2ddc _cEN _h181.45 _mBHA |
||